00341 a2200097 4500001000900000005001700009008004100026245008800067100001800155773007000173ART_271220260410161709.0260409a 10aAlgunos problemas en la teoría del crecimiento y la política de planificación1 aDobb, Maurice0 tDesarrollo económicog- Vol. 1, Nº 1 (abr./jun. 1961)wREV1174